000 00419nam a22001217a 4500
999 _c10228
_d10228
003 OSt
008 201218b ||||| |||| 00| 0 eng d
245 _aIETE Technical Review
250 _a2008(Jul-Aug Vol.25 No.4, Sep-Oct Vol.25 No.5) 2009(Nov-Dec Vol.26 No.6)
260 _aNew Delhi
_bInstitution of Electronics and Telecommunication Engineers
650 _aElectronics and Communication Engineering
942 _2ddc
_cBV